Nórsko: hospodárstvo a energetické hospodárstvo
Vybraté údaje o nórskom hospodárstve v r. 1993-1995. Hodnota vývozu ropy a zemného plynu. Dovoz ropy do Nemecka. Spotreba energie. Význam zemného plynu.
Saved in:
| Format: | Book Chapter |
|---|---|
| Language: | Slovak |
| Subjects: | |
| Tags: |
No Tags, Be the first to tag this record!
|
MARC
| LEADER | 00000naa a2200000 4500 | ||
|---|---|---|---|
| 001 | r020019 | ||
| 005 | 20230801103505.4 | ||
| 041 | 0 | |a slo | |
| 044 | |a SK | ||
| 245 | 1 | 0 | |a Nórsko: hospodárstvo a energetické hospodárstvo |
| 520 | |a Vybraté údaje o nórskom hospodárstve v r. 1993-1995. Hodnota vývozu ropy a zemného plynu. Dovoz ropy do Nemecka. Spotreba energie. Význam zemného plynu. | ||
| 610 | 2 | 0 | |a Nórsko |
| 610 | 2 | 0 | |a Nemecko |
| 610 | 2 | 0 | |a 1993-1995 |
| 610 | 2 | 0 | |a hospodárstvo národné |
| 610 | 2 | 0 | |a údaje štatistické |
| 610 | 2 | 0 | |a ropa |
| 610 | 2 | 0 | |a plyn |